[Event "Niederbayernliga 1415"]
[Site "Bayern"]
[Date "2014.11.23"]
[Round "3.8"]
[White "Reisinger, Georg"]
[Black "Senff, Rudolf"]
[Result "1/2-1/2"]
[WhiteElo "1634"]
[BlackElo "1706"]
[PlyCount "44"]
[EventDate "2014.10.19"]
[EventType "team-tourn"]
[EventRounds "9"]
[EventCountry "GER"]
[SourceTitle "EXT 2023"]
[Source "ChessBase"]
[SourceDate "2022.10.05"]
[SourceVersion "1"]
[SourceVersionDate "2022.10.05"]
[SourceQuality "1"]
[WhiteTeam "Deggendorf II"]
[BlackTeam "Landau Dingolfing"]
[WhiteTeamCountry "GER"]
[BlackTeamCountry "GER"]

1. e4 d6 2. d4 g6 3. c4 Bg7 4. Nc3 Nf6 5. Nf3 0-0 6. h3 Nbd7 7. Be2 e5 8. Be3 h6 9. 0-0 Re8 10. dxe5 dxe5 11. Qd2 Kh7 12. Rad1 c6 13. Qc2 Qe7 14. Rd2 Nh5 15. Rfd1 Nf4 16. Bf1 Nf8 17. Rd6 Nd5 18. Bc5 Nxc3 19. bxc3 Ne6 20. Ba3 c5 21. Qd2 b6 22. Qe3 Rd8 1/2-1/2

[Event "Bad Griesbach Seniors op 10th"]
[Site "Bad Griesbach"]
[Date "2007.12.05"]
[Round "4"]
[White "Muenz, Werner"]
[Black "Reisinger, Georg"]
[Result "1/2-1/2"]
[WhiteElo "1697"]
[BlackElo "1699"]
[PlyCount "70"]
[EventDate "2007.12.02"]
[EventType "swiss"]
[EventRounds "7"]
[EventCountry "GER"]
[SourceTitle "EXT 2015"]
[Source "ChessBase"]
[SourceDate "2014.11.20"]
[SourceVersion "1"]
[SourceVersionDate "2014.11.20"]
[SourceQuality "1"]

1. Nf3 d5 2. c4 e6 3. d4 Nf6 4. Nc3 Be7 5. cxd5 exd5 6. Bg5 0-0 7. e3 c6 8. Bd3 h6 9. Bh4 Be6 10. Rc1 Nbd7 11. 0-0 Ne8 12. Bg3 Bd6 13. Ne5 Nxe5 14. dxe5 Be7 15. Qh5 Bg5 16. f4 g6 17. Bxg6 Ng7 18. Qe2 fxg6 19. fxg5 hxg5 20. Rxf8+ Qxf8 21. Rf1 Qe7 22. Rf6 Qe8 23. Rf1 Nh5 24. Be1 Qd7 25. Na4 b6 26. Qa6 Qc7 27. Bc3 Bc8 28. Qe2 Qd7 29. Qf3 Ba6 30. Rf2 g4 31. Qd1 Qe6 32. b3 Rf8 33. Rxf8+ Kxf8 34. Qd2 Qf5 35. Qf2 Bd3 1/2-1/2

[Event "Bad Griesbach Seniors op 10th"]
[Site "Bad Griesbach"]
[Date "2007.12.02"]
[Round "1"]
[White "Reisinger, Georg"]
[Black "Zorn, Guenter"]
[Result "1-0"]
[WhiteElo "1699"]
[BlackElo "1341"]
[PlyCount "103"]
[EventDate "2007.12.02"]
[EventType "swiss"]
[EventRounds "7"]
[EventCountry "GER"]
[SourceTitle "EXT 2015"]
[Source "ChessBase"]
[SourceDate "2014.11.20"]
[SourceVersion "1"]
[SourceVersionDate "2014.11.20"]
[SourceQuality "1"]

1. e4 c5 2. Nf3 Nc6 3. d4 cxd4 4. Nxd4 d6 5. c4 Bd7 6. Nc3 a6 7. Be2 g6 8. 0-0 Bg7 9. Be3 Nf6 10. Rc1 0-0 11. a3 e6 12. Qd2 Qc7 13. f3 Rad8 14. Rfd1 Ne8 15. b4 Nxd4 16. Bxd4 Bc6 17. b5 Bd7 18. Be3 axb5 19. cxb5 Qa5 20. Nb1 Qxd2 21. Rxd2 e5 22. Rdc2 Be6 23. Bc4 Rc8 24. Bxe6 Rxc2 25. Bxf7+ Rxf7 26. Rxc2 Rc7 27. Rc3 Kf7 28. Bb6 Rxc3 29. Nxc3 Ke6 30. a4 Kd7 31. Nd5 Nf6 32. Nc7 Kc8 33. a5 Nd7 34. Nd5 Nxb6 35. Nxb6+ Kc7 36. Kf2 Bh6 37. Ke2 Bc1 38. Kd3 Ba3 39. Kc4 g5 40. Nd5+ Kb8 41. Nf6 h6 42. g4 Kc7 43. Ng8 d5+ 44. Kxd5 Bf8 45. Kxe5 Bd6+ 46. Kd5 Bxh2 47. Nxh6 Kd7 48. Nf7 Bf4 49. e5 Bd2 50. a6 bxa6 51. bxa6 Be3 52. Nxg5 1-0

[Event "Niederbayern-ch Seniors 48th"]
[Site "Ortenburg"]
[Date "2007.??.??"]
[Round "2"]
[White "Reisinger, Georg"]
[Black "Koenigl, Anton"]
[Result "0-1"]
[WhiteElo "1765"]
[BlackElo "1740"]
[PlyCount "122"]
[EventDate "2007.??.??"]
[EventType "swiss"]
[EventRounds "7"]
[EventCountry "GER"]
[SourceTitle "EXT 2010"]
[Source "ChessBase"]
[SourceDate "2010.11.25"]
[SourceVersion "1"]
[SourceVersionDate "2010.11.25"]
[SourceQuality "1"]

1. e4 c5 2. Nf3 Nc6 3. d4 cxd4 4. Nxd4 e5 5. Nf3 Nf6 6. Bd3 Be7 7. 0-0 0-0 8. c3 d6 9. h3 h6 10. Be3 Be6 11. Nbd2 Qd7 12. Nh2 Rad8 13. f4 exf4 14. Bxf4 Ne5 15. Be2 Qc7 16. Be3 d5 17. Qa4 a6 18. exd5 Nxd5 19. Bd4 Nc6 20. Nhf3 Nf4 21. Rae1 Nxd4 22. Nxd4 Nxe2+ 23. Rxe2 Bc5 24. Ne4 b5 25. Qd1 Bc4 26. Nxc5 Qxc5 27. Rd2 Bxf1 28. Qxf1 Qb6 29. Kh1 b4 30. Rf2 bxc3 31. bxc3 Qc5 32. Rf3 Rb8 33. Nb3 Qa3 34. Rf2 Rbd8 35. c4 a5 36. c5 a4 37. Na5 Rc8 38. c6 Qc3 39. Qb5 Rfe8 40. Rf1 Re1 41. Rxe1 Qxe1+ 42. Kh2 Qd1 43. Nc4 Qd8 44. a3 Qc7+ 45. Kh1 Qxc6 46. Qxc6 Rxc6 47. Nb2 Rc3 48. Nxa4 Rxa3 49. Nc5 Kf8 50. Ne4 Ke7 51. Kh2 f5 52. Ng3 g6 53. Ne2 Kf6 54. h4 Ra4 55. Kh3 g5 56. hxg5+ hxg5 57. g3 Ra3 58. Kg2 Ke5 59. Kf2 Ra2 60. Ke3 Ra3+ 61. Kf2 Ke4 0-1

[Event "Bad Griesbach Seniors op 08th"]
[Site "Bad Griesbach"]
[Date "2005.12.09"]
[Round "6"]
[White "Reisinger, Georg"]
[Black "Peleikis, Horst"]
[Result "1-0"]
[WhiteElo "1740"]
[BlackElo "1925"]
[PlyCount "81"]
[EventDate "2005.12.04"]
[EventType "swiss"]
[EventRounds "9"]
[EventCountry "GER"]
[SourceTitle "EXT 2015"]
[Source "ChessBase"]
[SourceDate "2014.11.20"]
[SourceVersion "1"]
[SourceVersionDate "2014.11.20"]
[SourceQuality "1"]

1. e4 c5 2. Nf3 d6 3. d4 cxd4 4. Nxd4 Nf6 5. Nc3 g6 6. Be2 Bg7 7. Be3 0-0 8. 0-0 Nc6 9. h3 Bd7 10. Qd2 Re8 11. Rad1 Nxd4 12. Bxd4 Bc6 13. Bf3 Qa5 14. Rfe1 Qd8 15. Nd5 Nd7 16. Bxg7 Kxg7 17. Nb4 Ne5 18. Qd4 Kg8 19. Be2 Qc7 20. c3 Bd7 21. Nd5 Qd8 22. f4 Nc6 23. Qd2 Be6 24. Kh1 Rc8 25. Bd3 a6 26. Bb1 Na5 27. Ne3 Nc6 28. f5 Bd7 29. Ng4 h5 30. Nh6+ Kg7 31. fxg6 fxg6 32. Nf5+ Bxf5 33. exf5 Ne5 34. fxg6 Rh8 35. Qd5 Qc7 36. Rxe5 dxe5 37. Qf7+ Kh6 38. g7 Qc6 39. gxh8Q+ Rxh8 40. Qxe7 Rg8 41. Rd6+ 1-0

[Event "Bad Griesbach Seniors op 08th"]
[Site "Bad Griesbach"]
[Date "2005.12.08"]
[Round "5"]
[White "Alefs, Heinz"]
[Black "Reisinger, Georg"]
[Result "0-1"]
[WhiteElo "1648"]
[BlackElo "1740"]
[PlyCount "48"]
[EventDate "2005.12.04"]
[EventType "swiss"]
[EventRounds "9"]
[EventCountry "GER"]
[SourceTitle "EXT 2015"]
[Source "ChessBase"]
[SourceDate "2014.11.20"]
[SourceVersion "1"]
[SourceVersionDate "2014.11.20"]
[SourceQuality "1"]

1. g3 d5 2. Nf3 Nc6 3. b3 e5 4. d3 Nf6 5. c4 dxc4 6. dxc4 Qxd1+ 7. Kxd1 Bb4 8. Bd2 e4 9. Bxb4 Nxb4 10. Nfd2 Bf5 11. a3 Nc6 12. e3 0-0-0 13. h3 h5 14. Nc3 Ne5 15. Kc2 Rd7 16. Bg2 Rhd8 17. Rad1 Nd3 18. Ndxe4 Nxf2 19. Rdf1 N2xe4 20. Nxe4 Nxe4 21. Rhg1 f6 22. Rf4 Rd2+ 23. Kc1 Nc3 24. Rd4 R2xd4 0-1

[Event "GER Pyramid email"]
[Site "GER email"]
[Date "2005.06.18"]
[Round "?"]
[White "Dorer, Manfred"]
[Black "Reisinger, Georg"]
[Result "1/2-1/2"]
[WhiteElo "2407"]
[BlackElo "2095"]
[PlyCount "98"]
[EventDate "2005.??.??"]
[EventType "tourn (corr)"]
[EventRounds "9"]
[EventCountry "GER"]
[SourceTitle "Corr 2020"]
[Source "ChessBase"]
[SourceDate "2019.09.30"]
[SourceVersion "1"]
[SourceVersionDate "2019.09.30"]
[SourceQuality "1"]

1. e4 c5 2. Nf3 d6 3. d4 cxd4 4. Nxd4 Nf6 5. Nc3 a6 6. Be3 e5 7. Nb3 Be6 8. f3 Be7 9. Qd2 0-0 10. 0-0-0 b5 11. g4 b4 12. Na4 Nbd7 13. g5 Nh5 14. Kb1 Rb8 15. Nc1 Qc7 16. b3 Rfd8 17. Bxa6 Qa5 18. Be2 Nc5 19. Nb2 d5 20. exd5 Rxd5 21. Qxd5 Bxd5 22. Rxd5 Qc7 23. Nc4 Nf4 24. Rxe5 Nce6 25. h4 f6 26. gxf6 Bxf6 27. Re4 Nxe2 28. Nxe2 Nc5 29. Bf4 Qb7 30. Bxb8 Nxe4 31. fxe4 Qxb8 32. h5 Qb7 33. Ng3 Qc7 34. Nf5 Qf4 35. e5 Qxf5 36. exf6 gxf6 37. a4 bxa3 38. Nxa3 Kf7 39. Nc4 Qf3 40. Rh2 h6 41. Kb2 Ke6 42. Nd2 Qg4 43. c4 Kd6 44. b4 f5 45. Kc2 Kc7 46. Rh1 Kb7 47. Rh2 Kc6 48. Rh1 Qg5 49. Rh2 Kb6 1/2-1/2

[Event "GER Pyramid email"]
[Site "GER email"]
[Date "2005.01.25"]
[Round "?"]
[White "Waibel, Ulrich"]
[Black "Reisinger, Georg"]
[Result "0-1"]
[WhiteElo "1833"]
[BlackElo "2095"]
[PlyCount "24"]
[EventDate "2005.??.??"]
[EventType "tourn (corr)"]
[EventRounds "9"]
[EventCountry "GER"]
[SourceTitle "Corr 2020"]
[Source "ChessBase"]
[SourceDate "2019.09.30"]
[SourceVersion "1"]
[SourceVersionDate "2019.09.30"]
[SourceQuality "1"]

1. b4 e5 2. Bb2 Bxb4 3. Bxe5 Nf6 4. c4 0-0 5. e3 d5 6. Qb3 Nc6 7. Bb2 Be7 8. cxd5 Qxd5 9. Bxf6 Qxb3 10. axb3 Bxf6 11. Nc3 Nb4 12. Rc1 Bf5 0-1

[Event "Niederbayernliga 0405"]
[Site "Germany"]
[Date "2005.??.??"]
[Round "9"]
[White "Reisinger, Georg"]
[Black "Grum, Theodor"]
[Result "1-0"]
[WhiteElo "1756"]
[BlackElo "1588"]
[PlyCount "81"]
[EventDate "2004.??.??"]
[EventType "team"]
[EventRounds "9"]
[EventCountry "GER"]
[SourceTitle "EXT 2008"]
[Source "ChessBase"]
[SourceDate "2007.11.25"]
[SourceVersion "1"]
[SourceVersionDate "2007.11.25"]
[SourceQuality "1"]
[WhiteTeam "Deggendorf"]
[BlackTeam "Grafenau"]
[WhiteTeamCountry "GER"]
[BlackTeamCountry "GER"]

1. e4 d6 2. d4 g6 3. Nf3 Bg7 4. Be3 e6 5. Bd3 Nd7 6. 0-0 Ne7 7. Qd2 h6 8. Nc3 b6 9. Rad1 a6 10. Bc4 Bb7 11. a4 Nf6 12. Bd3 Ng4 13. Qe2 0-0 14. Bc1 Qe8 15. h3 Nf6 16. Be3 d5 17. Bf4 dxe4 18. Nxe4 Nfd5 19. Bc1 Nf5 20. g4 Nd6 21. Nxd6 cxd6 22. Be4 f5 23. gxf5 exf5 24. Bxd5+ Bxd5 25. Qxe8 Raxe8 26. Nh4 Re4 27. Nxg6 Rfe8 28. Nf4 Bc4 29. Nd3 Bxd4 30. b3 Bd5 31. Bf4 Kh7 32. Bxd6 Rg8+ 33. Kh2 Re6 34. Nf4 Rxd6 35. Rxd4 Rg2+ 36. Nxg2 Bxg2 37. Rxd6 Bxf1 38. Rxb6 Kg7 39. c4 a5 40. c5 Kf7 41. Rxh6 1-0

[Event "Niederbayern-ch Seniors 46th"]
[Site "Vilshofen"]
[Date "2005.??.??"]
[Round "4"]
[White "Reisinger, Georg"]
[Black "Koenigl, Anton"]
[Result "1-0"]
[WhiteElo "1756"]
[BlackElo "1758"]
[PlyCount "81"]
[EventDate "2005.03.29"]
[EventType "swiss"]
[EventRounds "7"]
[EventCountry "GER"]
[SourceTitle "EXT 2007"]
[Source "ChessBase"]
[SourceDate "2006.11.23"]
[SourceVersion "1"]
[SourceVersionDate "2006.11.23"]
[SourceQuality "1"]

1. e4 g6 2. d4 d6 3. Nf3 Bg7 4. Be2 Nf6 5. Nc3 c6 6. 0-0 0-0 7. Bf4 Nh5 8. Be3 Qc7 9. Qd2 Nd7 10. Bh6 Nhf6 11. Bxg7 Kxg7 12. h3 b5 13. a3 Bb7 14. Qe3 e5 15. dxe5 dxe5 16. Rad1 a6 17. Rd2 Rfe8 18. Rfd1 Nb6 19. b3 Re7 20. Rd6 Nc8 21. R6d2 Nb6 22. Nh4 h6 23. Qg3 Kh7 24. Rd6 Nbd5 25. Nxd5 Nxe4 26. Nf6+ Nxf6 27. Rxf6 Rg8 28. Rdd6 e4 29. Qe3 Bc8 30. Bg4 Be6 31. Nf5 Bxf5 32. Bxf5 Rg7 33. Qd2 e3 34. fxe3 Qa7 35. Bg4 Rxe3 36. Kf1 Qe7 37. Kf2 Re5 38. Rxc6 Qxa3 39. Qd4 Re8 40. Qd7 Re7 41. Qd6 1-0

[Event "Niederbayernliga 0405"]
[Site "Germany"]
[Date "2005.??.??"]
[Round "5"]
[White "Reisinger, Georg"]
[Black "Okolowitz, Herbert Jr"]
[Result "1-0"]
[WhiteElo "1756"]
[BlackElo "1379"]
[PlyCount "61"]
[EventDate "2004.??.??"]
[EventType "team"]
[EventRounds "9"]
[EventCountry "GER"]
[SourceTitle "EXT 2008"]
[Source "ChessBase"]
[SourceDate "2007.11.25"]
[SourceVersion "1"]
[SourceVersionDate "2007.11.25"]
[SourceQuality "1"]
[WhiteTeam "Deggendorf"]
[BlackTeam "Freyung"]
[WhiteTeamCountry "GER"]
[BlackTeamCountry "GER"]

1. e4 d6 2. d4 g6 3. Nf3 Bg7 4. Nc3 Nc6 5. Be3 Bg4 6. Be2 Nf6 7. h3 Bxf3 8. Bxf3 Rb8 9. 0-0 0-0 10. Qe2 e5 11. dxe5 Nxe5 12. Bxa7 Nxf3+ 13. Qxf3 Ra8 14. Be3 h6 15. Rad1 Qe7 16. a3 c6 17. Rfe1 Rfd8 18. Bd4 Nd7 19. Bxg7 Kxg7 20. Qe3 Ne5 21. f4 Nd7 22. Qd4+ Nf6 23. Qf2 Qc7 24. Rd3 Re8 25. Qd4 Rad8 26. Red1 Rd7 27. Qb4 Red8 28. g3 c5 29. Qc4 Qc6 30. Nd5 b5 31. Qc3 1-0

[Event "Niederbayern-ch Seniors 46th"]
[Site "Vilshofen"]
[Date "2005.??.??"]
[Round "1"]
[White "Reisinger, Georg"]
[Black "Zorn, Guenter"]
[Result "1-0"]
[WhiteElo "1756"]
[BlackElo "1431"]
[PlyCount "121"]
[EventDate "2005.03.29"]
[EventType "swiss"]
[EventRounds "7"]
[EventCountry "GER"]
[SourceTitle "EXT 2007"]
[Source "ChessBase"]
[SourceDate "2006.11.23"]
[SourceVersion "1"]
[SourceVersionDate "2006.11.23"]
[SourceQuality "1"]

1. e4 e5 2. Nf3 Nc6 3. Bb5 d6 4. d4 a6 5. Ba4 Bd7 6. 0-0 Nf6 7. Re1 Be7 8. c3 0-0 9. h3 Qc8 10. Kh2 b5 11. Bc2 exd4 12. cxd4 Nb4 13. Bb3 a5 14. Qe2 a4 15. Bd1 Nc6 16. a3 Ra6 17. Nc3 Na7 18. Be3 c6 19. Rc1 Qb7 20. Qd3 Be6 21. Nd2 Nc8 22. Bc2 g6 23. Bb1 Nb6 24. Na2 Nc4 25. Nb4 Raa8 26. Bh6 Rfd8 27. Qc3 d5 28. e5 Nd7 29. Nd3 Bf8 30. Bxf8 Rxf8 31. Nf3 Qc8 32. Nf4 Qd8 33. Bd3 Qe7 34. Qc2 f5 35. exf6 Rxf6 36. Rxe6 Rxe6 37. Nxe6 Qxe6 38. Re1 Qd6+ 39. Kg1 Rf8 40. Qe2 Nf6 41. Bxc4 bxc4 42. Qc2 Ra8 43. Ng5 Qf4 44. Ne6 Qf5 45. Qxf5 gxf5 46. f3 Re8 47. Kf1 Kf7 48. Nc5 Ra8 49. Re6 Rc8 50. Re5 Kg6 51. Nxa4 Nd7 52. Re7 Ra8 53. Rxd7 Rxa4 54. Rd6+ Kg5 55. Rxc6 c3 56. Rxc3 Rxd4 57. Ke2 f4 58. Rd3 Rxd3 59. Kxd3 Kf5 60. Kd4 Ke6 61. b4 1-0